| 000 | 00351nam a2200133Ia 4500 | ||
|---|---|---|---|
| 008 | 240624s9999 xx 000 0 und d | ||
| 041 | _aeng | ||
| 082 | _a332.64 SOM | ||
| 100 | _aSOMANATHAN T V | ||
| 245 | _aECONOMIC OF DERIVATIVES | ||
| 260 |
_c2015 _aNew Delhi _bCambridge University Press |
||
| 300 | _axv, : 255 : p. : cm. ; 24 | ||
| 365 |
_cRS _b32 |
||
| 999 |
_c27628 _d27628 |
||